|
|
|
|
| LEADER |
03052nam a2200637 a 4500 |
| 001 |
nkc20061652812 |
| 003 |
CZ PrNK |
| 005 |
20220817111655.0 |
| 007 |
ta |
| 008 |
060426s2006 xr ah e c 000 0dcze |
| 015 |
|
|
|a cnb001652812
|
| 020 |
|
|
|a 80-85037-42-4
|q (Vlastivědné muzeum v Olomouci ;
|q váz.)
|
| 020 |
|
|
|a 80-86549-17-8
|q (Muzeum města Brna ;
|q váz.)
|
| 035 |
|
|
|a (OCoLC)85547788
|
| 040 |
|
|
|a OLA001
|b cze
|d ABA001
|
| 041 |
0 |
|
|a cze
|b eng
|b ger
|
| 043 |
|
|
|a e-xr---
|b e-xr-mr
|2 czenas
|
| 045 |
|
|
|a o-r-
|
| 072 |
|
7 |
|a 94(437)
|x Dějiny Česka a Slovenska
|2 Konspekt
|9 8
|
| 080 |
|
|
|a 929.731
|2 MRF
|
| 080 |
|
|
|a 94(437.32)
|2 MRF
|
| 080 |
|
|
|a 323
|2 MRF
|
| 080 |
|
|
|a 316.72/.75
|2 MRF
|
| 080 |
|
|
|a (082)
|2 MRF
|
| 080 |
|
|
|a (083.824)
|2 MRF
|
| 245 |
0 |
0 |
|a Sága moravských Přemyslovců :
|b život na Moravě od XI. do počátku XIV. století : sborník a katalog výstavy pořádané Vlastivědným muzeem v Olomouci a Muzeem města Brna k 700. výročí tragické smrti Václava III., posledního českého krále z dynastie Přemyslovců : Olomouc, Přemyslovský palác 20. dubna až 6. srpna 2006 : Brno, hrad Špilberk 14. září 2006 až 21. ledna 2007
|
| 246 |
3 |
0 |
|a Život na Moravě od XI. do počátku XIV. století
|
| 250 |
|
|
|a 1. vyd.
|
| 260 |
|
|
|a Olomouc :
|b Vlastivědné muzeum v Olomouci ;
|a Brno :
|b Muzeum města Brna,
|c 2006
|
| 300 |
|
|
|a 250 s. :
|b il. (některé barev.), faksim. ;
|c 31 cm
|
| 500 |
|
|
|a 1000 výt.
|
| 504 |
|
|
|a Obsahuje bibliografie
|
| 546 |
|
|
|a Anglická a německá resumé
|
| 600 |
3 |
7 |
|a Přemyslovci (rod)
|7 jx20060403074
|2 czenas
|
| 648 |
|
7 |
|a 11.-14. století
|7 ch757110
|2 czenas
|
| 650 |
0 |
7 |
|a panovnické dynastie
|7 ph123932
|z Česko
|y 11.-14. století
|2 czenas
|
| 650 |
0 |
7 |
|a kultura a společnost
|7 ph122010
|z Česko
|y 11.-14. století
|2 czenas
|
| 650 |
0 |
9 |
|a kings and rulers
|z Czechia
|z Moravia
|y 11th-14th centuries
|2 eczenas
|
| 650 |
0 |
9 |
|a culture and society
|z Czechia
|z Moravia
|y 11th-14th centuries
|2 eczenas
|
| 651 |
|
7 |
|a Morava (Česko)
|7 ge130070
|x dějiny
|y 11.-14. století
|2 czenas
|
| 651 |
|
7 |
|a Morava (Česko)
|7 ge130070
|x společnost a politika
|y 11.-14. století
|2 czenas
|
| 651 |
|
9 |
|a Moravia (Czechia)
|x history
|y 11th-14th centuries
|2 eczenas
|
| 651 |
|
9 |
|a Moravia (Czechia)
|x society and politics
|y 11th-14th centuries
|2 eczenas
|
| 655 |
|
7 |
|a sborníky
|7 fd163935
|2 czenas
|
| 655 |
|
7 |
|a katalogy výstav
|7 fd132536
|2 czenas
|
| 655 |
|
9 |
|a miscellanea
|2 eczenas
|
| 655 |
|
9 |
|a exhibition catalogs
|2 eczenas
|
| 710 |
2 |
|
|a Vlastivědné muzeum (Olomouc, Česko)
|7 kn20010724925
|
| 710 |
2 |
|
|a Muzeum města Brna
|7 kn20010724499
|
| 856 |
4 |
1 |
|u http://www.digitalniknihovna.cz/mzk/uuid/uuid:f25fc090-b46b-11e5-b5dc-005056827e51
|y Digitalizovaný dokument
|x NDK
|
| 910 |
|
|
|a BOA001
|b 4-1170.825
|
| 990 |
|
|
|a BK
|
| 995 |
|
|
|a 01
|
| 991 |
|
|
|b 200607
|c NOV
|
| 996 |
6 |
|
|b 2610283639
|c 4-1170.825
|l MZK
|r Sklad / do 1 hodiny
|n 22
|p p.v.
|w 000819019
|u 000010
|a 1
|e BOA001
|j MZK50
|s P
|
| 996 |
7 |
|
|b 2610283640
|c 4-1170.825
|l Vol.výběr
|r VV 1p
|n 56
|p kup
|h 94(437) SÁG
|w 000819019
|u 000020
|a 0
|e BOA001
|j MZK50
|s A
|